Разработка наблюдателя состояния для асинхронного электропривода с повышенной параметрической робастностью: диссертация на соискание ученой степени кандидата технических наук; спец. 05.09.03

Podrobná bibliografie
Hlavní autor: Афанасьев К. С. Кирилл Сергеевич
Korporativní autor: Национальный исследовательский Томский политехнический университет (ТПУ) Энергетический институт (ЭНИН) Кафедра электропривода и электрооборудования (ЭПЭО)
Další autoři: Глазырин А. С. Александр Савельевич (научный руководитель)
Shrnutí:Заглавие с титульного экрана
Электронная версия печатной публикации
Jazyk:ruština
Vydáno: Томск, 2015
Témata:
On-line přístup:http://earchive.tpu.ru/handle/11683/30598
Médium: MixedMaterials Elektronický zdroj Kniha
KOHA link:https://koha.lib.tpu.ru/cgi-bin/koha/opac-detail.pl?biblionumber=318536

MARC

LEADER 00000nam0a2200000 4500
001 318536
005 20260128091000.0
035 |a (RuTPU)RU\TPU\book\344034 
035 |a RU\TPU\book\344024 
090 |a 318536 
100 |a 20160427j20151216k y0rusy50 ca 
101 0 |a rus 
102 |a RU 
105 |a a m 001zy 
135 |a drcn ---uucaa 
181 0 |a i   |b  e  
182 0 |a b 
183 0 |a cr  |2 RDAcarrier 
200 1 |a Разработка наблюдателя состояния для асинхронного электропривода с повышенной параметрической робастностью  |e диссертация на соискание ученой степени кандидата технических наук  |e спец. 05.09.03  |f К. С. Афанасьев  |g Национальный исследовательский Томский политехнический университет (ТПУ) ; науч. рук. А. С. Глазырин 
203 |a Текст  |c электронный  |b визуальный 
210 |a Томск  |d 2015 
215 |a 1 файл (3.38 Mb, 106 с.)  |c pdf 
283 |a online_resource  |2 RDAcarrier 
300 |a Заглавие с титульного экрана 
300 |a Электронная версия печатной публикации 
452 1 |0 (RuTPU)RU\TPU\book\337659  |t Разработка наблюдателя состояния для асинхронного электропривода с повышенной параметрической робастностью  |o диссертация на соискание ученой степени кандидата технических наук  |o спец. 05.09.03  |f К. С. Афанасьев  |g Национальный исследовательский Томский политехнический университет (ТПУ) ; науч. рук. А. С. Глазырин  |c Томск  |n [Б. и.]  |d 2015  |p 106 л.  |a Афанасьев, Кирилл Сергеевич 
606 1 |a Электроприводы асинхронные  |2 stltpush  |3 (RuTPU)RU\TPU\subj\72951  |9 86274 
610 1 |a диссертации 
610 1 |a электронный ресурс 
610 1 |a труды учёных ТПУ 
610 1 |a наблюдатели состояния 
610 1 |a асинхронные электроприводы 
610 1 |a робастность 
610 1 |a структурный синтез 
610 1 |a параметрические возмущения 
610 1 |a экспериментальные исследования 
675 |a 62-83-523(04)  |v 3 
686 |a 05.09.03  |2 oksvnk 
700 1 |a Афанасьев  |b К. С.  |c специалист в области электротехники  |c доцент Томского политехнического университета, кандидат технических наук  |f 1987-  |g Кирилл Сергеевич  |3 (RuTPU)RU\TPU\pers\26491  |9 12193 
702 1 |a Глазырин  |b А. С.  |c специалист в области электротехники  |c профессор Томского политехнического университета, доктор технических наук  |f 1978-  |g Александр Савельевич  |3 (RuTPU)RU\TPU\pers\26445  |4 727  |9 12148 
712 0 2 |a Национальный исследовательский Томский политехнический университет (ТПУ)  |b Энергетический институт (ЭНИН)  |b Кафедра электропривода и электрооборудования (ЭПЭО)  |3 (RuTPU)RU\TPU\col\18674 
801 2 |a RU  |b 63413507  |c 20160705  |g RCR 
856 4 0 |u http://earchive.tpu.ru/handle/11683/30598  |z http://earchive.tpu.ru/handle/11683/30598 
942 |c CF